Privatizácia, predaj a nájom bytov a nebytových priestorov

Saved in:
Bibliographic Details
Format: Book
Language:Slovak
Published: Bratislava EPOS 1993
Edition:1. vyd.
Subjects:
Tags: Add Tag
No Tags, Be the first to tag this record!

MARC

LEADER 00000nam a2200000 4500
001 c010754
005 20221128073720.9
020 |a 80-85703-16-5 
041 0 |a slo 
044 |a SK 
245 1 0 |a Privatizácia, predaj a nájom bytov a nebytových priestorov 
250 |a 1. vyd. 
264 1 |a Bratislava  |b EPOS  |c 1993 
300 |a 224 s. 
610 2 0 |a byty 
610 2 0 |a hospodárstvo bytové 
610 2 0 |a privatizácia 
610 2 0 |a predaj 
610 2 0 |a prenájom 
610 2 0 |a zmluvy